Quiz wiedzy ogólnej #41 - Statystyki

Ogólne statystyki
  • Ten quiz został rozwiązany 660 razy
  • Średni wynik to 11 z 20
Statystyki odpowiedzi
Pytanie Odpowiedź % Poprawnych
Jaki pierwiastek chemiczny posiada symbol Ag? Srebro
93%
Kto poleciał zbyt blisko słońca, a przez to jego wosk ze skrzydeł się stopił? Ikar
90%
Jak określa się trójkąt, którego dwa boki mają równe długości? Równoramienny
81%
Co zostało przetestowane pierwszy raz w Nowym Meksyku 16 lipca 1945 roku? Bomba atomowa
77%
Jak dawniej pogardliwie nazywano osobę leworęczną? Mańkut
66%
Jak nazywał się saudyjski terrorysta, który współtworzył Al-Ka’idę i zaplanował zamachy z 11 września? Osama bin Laden
66%
Jakie mitologiczne zwierzę pojawia się w tytule jednej z książek o Harrym Potterze? Feniks
56%
Kto stworzył "Gwiezne wojny"? George Lucas
56%
Jak medycznie określa się padaczkę? Epilepsja
54%
Jakie jest największe państwo bez ani jednego aktywnego wulkanu? Brazylia
53%
Z którego filmu pochodzi cytat "hasta la vista, baby"? Terminator 2
52%
Jakie ugrupowanie polityczne kontroluje strefę Gazy od 2007? Hamas
50%
Kto zagrał Kena w filmie Barbie? Ryan Gosling
50%
Kim są serafinowie i cherubinowie? Aniołami
48%
Który taniec opierający się na unoszeniu i wymachiwaniu nogami stał się spopularyzowany przez Moulin Rouge? Kankan
48%
Kto był nauczycielem Aleksandra Wielkiego? Arystoteles
44%
Która choroba zabiła rekordowe 2,3 miliona ludzi w 2005, ale od tego czasu liczba zgonów ma tendencję spadkową? AIDS
40%
Jak nazywa się niższa izba brytyjskiego parlamentu? Izba Gmin
40%
W jakim państwie leżą miasta Tanger i Marrakesz? W Maroku
23%
Kto znany jest obecnie jako XIV Dalajlama? Tenzin Gjaco
7%
Nie znaleziono quizów pasujących do podanych kryteriów
Rozkład punktacji
Procent ludzi z każdym wynikiem
Percentyl według liczby udzielonych odpowiedzi
Twoja historia wyników
Nie rozwiązałeś tego quizu